000 00618nam a2200205 a 4500
001 58117
003 BD-RjUL
005 20211209080604.0
008 880808s1970 enka bs 001 0 eng
035 _a(BD-RjUL)58241
040 _aDLC
_cDLC
_dBD-RjUL
_beng
041 _aeng
082 _223
_a338.9
_bREG 1970
245 1 0 _aRegional economics :
_btheory and practice /
_cDavid L McKee; Robert D Dean; William Harrall Leahy
260 _aLondon :
_bMacmillan,
_c1970
300 _ax, 245 p. :
_bill. ;
_c23 cm
504 _aIncludes bibliographical references
650 0 _aRegional planning
_9171266
942 _2ddc
_cBK
999 _c58117
_d58117